Tiempos de trastornos financieros y colapsos rápidos (Registro nro. 21580)

Detalles MARC
000 -LEADER
fixed length control field 00342 a2200109 4500
001 - CONTROL NUMBER
control field ART_59255
005 - DATE AND TIME OF LATEST TRANSACTION
control field 20260410161812.0
008 - FIXED-LENGTH DATA ELEMENTS--GENERAL INFORMATION
fixed length control field 260409a
100 1# - MAIN ENTRY--PERSONAL NAME
Personal name Ferro, Carlos A.
245 10 - TITLE STATEMENT
Title Tiempos de trastornos financieros y colapsos rápidos
773 0# - HOST ITEM ENTRY
Title Doctrina Societaria y Concursal
Related parts - N° 428 (jul. 2023)
Record control number REV4298

No hay ítems disponibles.